00282nam a2200121Ia 4500008004100000100001800041245002200059260003400081300000900115650001200124942000700136999001700143190216s9999||||xx |||||||||||||| ||und|| aInduchoodan M 0aTavala Angolpathi bKerala Bhasha Institutec1973 a252p aZoology cBK c37806d37806